Problematika konštrukcie uhlíkovej dane a jej dopad na ekonomické sektory

Mapovanie problematiky nastavenia a konštrukcie uhlíkovej dane z pohľadu súčasných autorov, ktorí sa touto problematikou zaoberajú.

Gespeichert in:
Bibliographische Detailangaben
1. Verfasser: Rimeš, Michal, 1996-
Format: Buchkapitel
Sprache:Slowakisch
Schlagworte:
Tags: Tag hinzufügen
Keine Tags, Fügen Sie das erste Tag hinzu!

MARC

LEADER 00000naa a2200000 4500
001 0304158
005 20240911114732.7
041 0 |a slo 
044 |a SK 
245 1 0 |a Problematika konštrukcie uhlíkovej dane a jej dopad na ekonomické sektory  |c Michal Rimeš 
520 |a Mapovanie problematiky nastavenia a konštrukcie uhlíkovej dane z pohľadu súčasných autorov, ktorí sa touto problematikou zaoberajú. 
610 2 0 |a dane 
610 2 0 |a faktory rastu hospodárskeho 
610 2 0 |a politika 
610 2 0 |a dopad daňový 
610 2 0 |a sektory hospodárske 
100 1 |a Rimeš, Michal, 1996-